| Tag |
First Indicator |
Second Indicator |
Subfields |
| LEADER |
00000cam a2200000 4500 |
| 001 |
in00000061151 |
| 005 |
20151008051629.0 |
| 008 |
750721s1959 nyu 00000 eng u |
| 010 |
|
|
|a 59006305
|
| 035 |
|
|
|a (OCoLC)01461520
|
| 035 |
|
|
|9 AAG9075AM
|
| 040 |
|
|
|c AKR
|d TXA
|d UtOrBLW
|
| 049 |
|
|
|a TXAM
|c [307978]
|
| 050 |
|
0 |
|a KF224.F3
|b D3x
|
| 082 |
0 |
|
|a 364.152
|
| 092 |
|
|
|a 364.152
|b D252j
|
| 100 |
1 |
|
|a Davidson, Irwin D.
|
| 245 |
1 |
4 |
|a The jury is still out /
|c by Irwin D. Davidson and Richard Gehman.
|
| 250 |
|
|
|a [1st ed.].
|
| 264 |
|
1 |
|a New York :
|b Harper,
|c [1959]
|
| 300 |
|
|
|a 308 pages :
|b illustrations ;
|c 22 cm.
|
| 336 |
|
|
|a text
|b txt
|2 rdacontent
|
| 337 |
|
|
|a unmediated
|b n
|2 rdamedia
|
| 338 |
|
|
|a volume
|b nc
|2 rdacarrier
|
| 600 |
1 |
0 |
|a Farmer, Michael,
|d 1942-1957.
|
| 650 |
|
0 |
|a Trials (Murder)
|z New York (State)
|z New York.
|
| 650 |
|
0 |
|a Juvenile delinquency
|z New York (State)
|z New York.
|
| 700 |
1 |
|
|a Gehman, Richard.
|
| 999 |
|
|
|a MARS
|
| 999 |
f |
f |
|s ed5eeed5-6098-3cce-885e-29142dd68639
|i 4a3d70d5-9b61-38cc-b93e-01bb0e07a362
|t 0
|
| 952 |
f |
f |
|p ric
|a Texas A&M University
|b Rellis Campus
|c Joint Library Facility
|d Remote Storage
|t 0
|e KF224.F3 D3
|h Library of Congress classification
|i unmediated -- volume
|m A14800812632
|
| 998 |
f |
f |
|a KF224.F3 D3
|t 0
|l Remote Storage
|